000 00579nam a2200217 a 4500
001 14383
003 BD-JhCC
005 20250907112833.0
008 250907b19672016nyu |||| ||a| 000 0 eng d
020 _a9780141368887
035 _a(BD-JhCC)14383
040 _aBD-JhCC
_dBD-JhCC
041 _aenglish
082 _a813.6
_bHIN 2016
100 _a Hinton,S. E.
245 _aThe outsiders /
_cS. E. Hinton.
260 _a London:
_b Penguin Books;
_c 2016.
300 _a215 p. :
_bill;
_c20 cm.
650 _a Brothers
_xBrothers Juvenile fiction
_y Fiction
942 _2ddc
_cBK
999 _c14383
_d14383